000 00193nam a2200085Ia 4500
942 _cBK
245 0 _aTHIS OVERHEATING WORLD
100 _aNICK COHEN
008 210804s9999 xx 000 0 und d
999 _c39863
_d39862